000 00597nam a2200241Ia 4500
003 OSt
005 20220924121857.0
006 a|||||r|||| 00| 0
007 ta
008 220923b |||||||| |||| 00| 0 ben d
024 _a292752
037 _cTextual
040 _aARTS
_cARTS
_bben
041 _2ben
_aben
082 _aO157,1M61w, M0
100 _aBhattacharya
245 0 _aNana Rabindranath
260 _aKolkata
_c1980
300 _a215p.
_ccm.
650 _aBENGALI LITERATURE
942 _hO157,1M61w, M0
_cTEXL
_2CC
999 _c409389
_d409389